00413nam a2200145Ia 4500008004100000020001800041041000800059082001500067100001600082245007500098260002000173300002700193365001700220700003000237230718s9999 xx 000 0 und d a9780849385964 aeng a620.7bNWO aNwokah O.D. aMechanical Systems Design HandbookbModeling, Measurement, And Control c2013bCRC Press a839dRef 157 M (52943) cRs.b3995.00 aNwokah O.D. & Hurmuzlu Y.